Văn hóa dân gian huyện Tam Nông tỉnh Phú Thọ
Nghiên cứu văn hóa dân gian huyện Tam Nông tỉnh Phú Thọ qua tục ngữ, ca dao, diễn ca hội thiền, vè, hát xoan, hát ví, lễ hội dân gian, truyện dân gian, truyện cười, ẩm thực, y học dân gian...
Bewaard in:
| Hoofdauteur: | |
|---|---|
| Andere auteurs: | |
| Formaat: | Boek |
| Taal: | Undetermined |
| Gepubliceerd in: |
H.
Văn hóa thông tin
2012
|
| Onderwerpen: | |
| Online toegang: | http://lrc.tdmu.edu.vn/opac/search/detail.asp?aID=2&ID=19183 |
| Tags: |
Voeg label toe
Geen labels, Wees de eerste die dit record labelt!
|
| Thư viện lưu trữ: | Trung tâm Học liệu Trường Đại học Thủ Dầu Một |
|---|
| LEADER | 01130nam a2200217Ia 4500 | ||
|---|---|---|---|
| 001 | TDMU_19183 | ||
| 008 | 210410s9999 xx 000 0 und d | ||
| 082 | |a 390.0959721 | ||
| 090 | |b D561 | ||
| 100 | |a Dương, Huy Thiện | ||
| 245 | 0 | |a Văn hóa dân gian huyện Tam Nông tỉnh Phú Thọ | |
| 245 | 0 | |c Dương Huy Thiện (ch.b), Đặng Văn Nhâm, Trần Văn Thục... [và nh.ng.khác] | |
| 260 | |a H. | ||
| 260 | |b Văn hóa thông tin | ||
| 260 | |c 2012 | ||
| 300 | |a 551tr. | ||
| 520 | |a Nghiên cứu văn hóa dân gian huyện Tam Nông tỉnh Phú Thọ qua tục ngữ, ca dao, diễn ca hội thiền, vè, hát xoan, hát ví, lễ hội dân gian, truyện dân gian, truyện cười, ẩm thực, y học dân gian... | ||
| 650 | |a Văn hóa dân gian |z Tam Nông (Phú Thọ - Việt Nam); Tam Nông (Phú Thọ - Việt Nam) |x Văn hóa | ||
| 700 | |a Đặng, Văn Nhâm | ||
| 856 | |u http://lrc.tdmu.edu.vn/opac/search/detail.asp?aID=2&ID=19183 | ||
| 980 | |a Trung tâm Học liệu Trường Đại học Thủ Dầu Một | ||